000 01587nam a2200253 a 4500
001 82830
003 BD-RjUL
005 20240129103810.0
008 240129s2009 bg a|||| m||| 00| 0 ben d
035 _a(BD-RjUL)82830
040 _aBD-RjUL
_bben /eng
_cBD-RjUL
_dBD-RjUL
041 _aben
082 _223
_a294.23
_bMOP 2009
100 _aমমিন, কে. এম. আব্দুল
_911209
245 1 0 _aপ্রসিদ্ধ ধর্মগ্রন্থসমূহে আখিরাত :
_bএকটি তাত্ত্বিক ও দার্শনিক পর্যালোচনা /
_cকে. এম. আব্দুল মমিন ;
_6তত্ত্বাবধায়ক : মুহাম্মদ আবুল খায়ের
260 _aরাজশাহী :
_bইসলামিক স্টাডিজ বিভাগ, রাজশাহী বিশ্ববিদ্যালয়,
_c২০০৯
300 _aix, [৪], ৪০৬ পাতা :
_bচিত্র ;
_c২৯ সেমি.
502 _aথিসিস (পিএইচ. ডি.) -- ইসলামিক স্টাডিজ বিভাগ, রাজশাহী বিশ্ববিদ্যালয়, ২০০৯
504 _aগ্রন্থপঞ্জী : পাতা [৩৯১]-৪০৬
650 _aবৌদ্ধ ধর্ম
_vঅবদান
_911203
650 _aBuddhism religion
_vContribution
_911204
700 _aখায়ের, মুহাম্মদ আবুল, তত্ত্বাবধায়ক
_93442
942 _2ddc
_cTHE
999 _c82830
_d82830